000 00627nam a2200265Ia 4500
005 20260320203302.0
008 008 262003s9999 xx 000 0 eng d
020 _a978-3-031-66834-0
037 _aEBOOK
040 _aCRL
040 _beng
040 _cCRL
041 _2eng
041 _aeng
084 _qCRL
100 _aArnold Dashefsky, Ira M. Sheskin, J.Alan Winter
_91137273
245 0 _aJewish Options
260 _bSpringer
260 _c2024
650 _aPhilosophy
856 _uhttps://doi.org/10.1007/978-3-031-66834-0
942 _cEBOOK
999 _c1726020
_d1726020